000 006260000a22001810004500
003 MACL
005 20160506103736.0
008 160506b xxu||||| |||| 00| 0 eng d
040 _aMACL
_cMACL
041 _aHindi
082 _a800 SIN
100 _aसिन्‍हा, सच्चिदानन्‍द
_949044
245 _aसंस्‍कृति और समाजवाद
_cसच्चिदानन्‍द सिन्‍हा
260 _bवाणी प्रकाशन
_c2004
_aनई दिल्‍ली
350 _a150
650 _aLiterature
_955379
942 _cHIN
_k800/SIN/L
_2ddc
999 _c18790
_d18790